[Event "Kimry Summer op 66th"]
[Site "Kimry"]
[Date "2013.06.11"]
[Round "7"]
[White "Tikhonova, Mariya"]
[Black "Pavlova, Kseniia"]
[Result "0-1"]
[WhiteElo "1766"]
[BlackElo "2006"]
[PlyCount "52"]
[EventDate "2013.06.08"]
[EventType "swiss"]
[EventRounds "7"]
[EventCountry "RUS"]
[SourceTitle "CBM 155 Extra"]
[Source "ChessBase"]
[SourceDate "2013.08.26"]
[SourceVersion "1"]
[SourceVersionDate "2013.08.26"]
[SourceQuality "1"]

1. e4 g6 2. d4 Bg7 3. Be3 d6 4. c3 Nd7 5. Nd2 e5 6. Bc4 Ngf6 7. h3 0-0 8. Qc2 a6 9. Ne2 Qe7 10. 0-0-0 b5 11. Bb3 a5 12. a4 c6 13. f4 Ba6 14. Rde1 Rfc8 15. g4 exd4 16. Nxd4 Nc5 17. axb5 cxb5 18. Bf2 a4 19. g5 axb3 20. gxf6 Qxf6 21. N4xb3 Nxb3+ 22. Qxb3 b4 23. Qxb4 Bd3 24. Nb3 Rab8 25. e5 dxe5 26. fxe5 Qxf2 0-1

[Event "Kimry Summer op 66th"]
[Site "Kimry"]
[Date "2013.06.10"]
[Round "6"]
[White "Sarkhadov, Ibrakhim"]
[Black "Tikhonova, Mariya"]
[Result "1/2-1/2"]
[WhiteElo "1803"]
[BlackElo "1766"]
[PlyCount "29"]
[EventDate "2013.06.08"]
[EventType "swiss"]
[EventRounds "7"]
[EventCountry "RUS"]
[SourceTitle "CBM 155 Extra"]
[Source "ChessBase"]
[SourceDate "2013.08.26"]
[SourceVersion "1"]
[SourceVersionDate "2013.08.26"]
[SourceQuality "1"]

1. e4 e6 2. d4 d5 3. Nd2 c5 4. exd5 exd5 5. Bb5+ Nc6 6. dxc5 Bxc5 7. Nb3 Bb6 8. Qe2+ Qe7 9. Bd2 Bf5 10. c3 0-0-0 11. Nf3 Qxe2+ 12. Kxe2 Re8+ 13. Be3 Nf6 14. Bxc6 bxc6 15. Nbd4 1/2-1/2

[Event "Kimry Summer op 66th"]
[Site "Kimry"]
[Date "2013.06.10"]
[Round "5"]
[White "Tikhonova, Mariya"]
[Black "Vdovin, Vadim"]
[Result "1/2-1/2"]
[WhiteElo "1766"]
[BlackElo "2193"]
[PlyCount "47"]
[EventDate "2013.06.08"]
[EventType "swiss"]
[EventRounds "7"]
[EventCountry "RUS"]
[SourceTitle "CBM 155 Extra"]
[Source "ChessBase"]
[SourceDate "2013.08.26"]
[SourceVersion "1"]
[SourceVersionDate "2013.08.26"]
[SourceQuality "1"]

1. e4 c5 2. c3 e6 3. d4 d5 4. e5 Bd7 5. Nf3 Qb6 6. a3 Bb5 7. Bd3 Bxd3 8. Qxd3 Nc6 9. b4 c4 10. Qc2 a5 11. bxa5 Rxa5 12. 0-0 Nge7 13. a4 Qa6 14. Na3 Nc8 15. Be3 Bxa3 16. Rxa3 h6 17. Nh4 Nb6 18. Rfa1 Ne7 19. f4 g6 20. g4 h5 21. f5 gxf5 22. gxf5 Kd7 23. Kh1 Qa8 24. Bg5 1/2-1/2

[Event "Kstovo Chess Hopes op"]
[Site "Kstovo"]
[Date "2011.06.24"]
[Round "8"]
[White "Tikhonova, Mariya"]
[Black "Teterin, Sergey"]
[Result "0-1"]
[WhiteElo "1726"]
[BlackElo "2112"]
[PlyCount "30"]
[EventDate "2011.06.18"]
[EventType "swiss"]
[EventRounds "9"]
[EventCountry "RUS"]
[SourceTitle "EXT 2012"]
[Source "ChessBase"]
[SourceDate "2011.11.24"]
[SourceVersion "1"]
[SourceVersionDate "2011.11.24"]
[SourceQuality "1"]

1. e4 c6 2. d4 d5 3. exd5 cxd5 4. c4 e6 5. Nf3 Be7 6. Nc3 Nf6 7. cxd5 Nxd5 8. Bc4 Nc6 9. 0-0 0-0 10. Re1 Bf6 11. Ne5 Nxc3 12. Nxc6 Nxd1 13. Nxd8 Nxf2 14. Nxf7 Rxf7 15. d5 Bd4 0-1

[Event "Kstovo Chess Hopes op"]
[Site "Kstovo"]
[Date "2011.06.18"]
[Round "1"]
[White "Tikhonova, Mariya"]
[Black "Gorozhanin, Mikhail"]
[Result "0-1"]
[WhiteElo "1726"]
[BlackElo "2193"]
[PlyCount "48"]
[EventDate "2011.06.18"]
[EventType "swiss"]
[EventRounds "9"]
[EventCountry "RUS"]
[SourceTitle "EXT 2012"]
[Source "ChessBase"]
[SourceDate "2011.11.24"]
[SourceVersion "1"]
[SourceVersionDate "2011.11.24"]
[SourceQuality "1"]

1. e4 e6 2. d4 d5 3. e5 c5 4. c3 Nc6 5. Nf3 Qb6 6. a3 Bd7 7. b4 cxd4 8. cxd4 Rc8 9. Bb2 Nh6 10. Bd3 Be7 11. Nbd2 0-0 12. 0-0 f6 13. Nb3 fxe5 14. dxe5 a5 15. b5 a4 16. Nbd4 Nxd4 17. Bxd4 Qa5 18. Qb1 Nf5 19. g4 Nxd4 20. Bxh7+ Kh8 21. Nxd4 Rf4 22. Qg6 Rxd4 23. Qh5 Rxg4+ 24. Qxg4 Kxh7 0-1

[Event "Vladimir CC Luch-ch"]
[Site "Vladimir"]
[Date "2010.04.05"]
[Round "10"]
[White "Tikhonova, Mariya"]
[Black "Mishin, Alexei"]
[Result "0-1"]
[WhiteElo "1731"]
[BlackElo "2294"]
[PlyCount "70"]
[EventDate "2010.03.25"]
[EventType "tourn"]
[EventRounds "11"]
[EventCountry "RUS"]
[SourceTitle "EXT 2023"]
[Source "ChessBase"]
[SourceDate "2022.10.05"]
[SourceVersion "1"]
[SourceVersionDate "2022.10.05"]
[SourceQuality "1"]

1. e4 d5 2. exd5 Nf6 3. d4 Nxd5 4. c4 Nb4 5. Qa4+ N8c6 6. d5 b5 7. cxb5 Nd4 8. Na3 e5 9. Bd2 Qh4 10. Bxb4 Bxb4+ 11. Kd1 Bg4+ 12. Be2 Nxe2 13. b6+ Bd7 14. Nb5 Nxg1 15. b7 Bg4+ 16. Kc2 Qxf2+ 17. Kb3 Rb8 18. Qxb4 Qb6 19. d6 Be6+ 20. Ka4 Bd7 21. dxc7 Qxc7 22. Ka3 Bxb5 23. Qxb5+ Ke7 24. Re1 f6 25. Qb4+ Qd6 26. Qxd6+ Kxd6 27. Rhxg1 Rxb7 28. Rd1+ Ke6 29. b3 Rd7 30. Rc1 Rhd8 31. Rc6+ Rd6 32. Rc7 R8d7 33. Rc4 Ra6+ 34. Ra4 Rxa4+ 35. Kxa4 e4 0-1

[Event "Vladimir Luch Cup"]
[Site "Vladimir"]
[Date "2009.03.31"]
[Round "10"]
[White "Tikhonova, Mariya"]
[Black "Kalinin, Dmitry"]
[Result "0-1"]
[WhiteElo "1732"]
[BlackElo "2119"]
[PlyCount "66"]
[EventDate "2009.03.22"]
[EventType "tourn"]
[EventRounds "11"]
[EventCountry "RUS"]
[SourceTitle "EXT 2012"]
[Source "ChessBase"]
[SourceDate "2011.11.24"]
[SourceVersion "1"]
[SourceVersionDate "2011.11.24"]
[SourceQuality "1"]

1. d4 Nf6 2. c4 c5 3. d5 b5 4. Nc3 b4 5. Na4 d6 6. b3 g6 7. Nf3 Bg7 8. g3 Bd7 9. Nb2 a5 10. Nd2 0-0 11. Bg2 Be8 12. 0-0 Nbd7 13. e4 Nb6 14. f4 Bd7 15. Rb1 a4 16. Re1 axb3 17. axb3 Ng4 18. Nf3 Ra2 19. Nd3 Qc7 20. Bb2 Rfa8 21. Bxg7 Kxg7 22. e5 Nxc4 23. bxc4 Ba4 24. Qc1 Rc2 25. exd6 exd6 26. Bh3 Rxc1 27. Rbxc1 h5 28. Re2 Re8 29. Ra2 Re3 30. Nfe1 Bd7 31. Rca1 Qd8 32. Ra8 Qf6 33. R8a6 Qd4 0-1

[Event "Vladimir Luch Cup"]
[Site "Vladimir"]
[Date "2009.03.29"]
[Round "8"]
[White "Tikhonova, Mariya"]
[Black "Komarova, Tatiana"]
[Result "1/2-1/2"]
[WhiteElo "1732"]
[BlackElo "1792"]
[PlyCount "77"]
[EventDate "2009.03.22"]
[EventType "tourn"]
[EventRounds "11"]
[EventCountry "RUS"]
[SourceTitle "EXT 2012"]
[Source "ChessBase"]
[SourceDate "2011.11.24"]
[SourceVersion "1"]
[SourceVersionDate "2011.11.24"]
[SourceQuality "1"]

1. d4 Nf6 2. c4 c5 3. Nf3 g6 4. g3 Bg7 5. Bg2 0-0 6. 0-0 cxd4 7. Nxd4 Nc6 8. Nxc6 bxc6 9. Nc3 Ba6 10. b3 Qb6 11. Bb2 Rab8 12. Na4 Qc7 13. Nc5 Bc8 14. Ne4 Nxe4 15. Bxg7 Kxg7 16. Bxe4 d6 17. Qc2 Bb7 18. Rad1 Rfd8 19. Rd2 Rbc8 20. Rfd1 Kg8 21. Bg2 f5 22. e4 fxe4 23. Qxe4 Qd7 24. Re1 Re8 25. Qh4 c5 26. Bh3 Qc6 27. Be6+ Kg7 28. Bd5 Qc7 29. Bxb7 Qxb7 30. Rde2 Rc7 31. Re6 Rd7 32. f4 Qc7 33. Qg5 Kh8 34. Qh6 Rg8 35. Qh4 Rg7 36. Qh3 Rd8 37. f5 gxf5 38. Qxf5 Qd7 39. Qh5 1/2-1/2

[Event "Vladimir Luch Cup"]
[Site "Vladimir"]
[Date "2009.03.24"]
[Round "3"]
[White "Tikhonova, Mariya"]
[Black "Kuzmina, Tatiana"]
[Result "1-0"]
[WhiteElo "1732"]
[BlackElo "1608"]
[PlyCount "91"]
[EventDate "2009.03.22"]
[EventType "tourn"]
[EventRounds "11"]
[EventCountry "RUS"]
[SourceTitle "EXT 2012"]
[Source "ChessBase"]
[SourceDate "2011.11.24"]
[SourceVersion "1"]
[SourceVersionDate "2011.11.24"]
[SourceQuality "1"]

1. e4 c5 2. c3 d5 3. exd5 Qxd5 4. d4 cxd4 5. cxd4 Nc6 6. Nf3 e5 7. dxe5 Qxd1+ 8. Kxd1 Bg4 9. Bf4 Bc5 10. Bg3 Nge7 11. Nbd2 0-0 12. Be2 Nf5 13. Rc1 Bb6 14. Rc4 Nxg3 15. fxg3 Be6 16. Re4 Rad8 17. Bc4 Bxc4 18. Rxc4 Ba5 19. Re1 Rfe8 20. Rce4 Nb4 21. R1e3 Nd3 22. Ke2 Nc5 23. Rg4 Bb6 24. Nc4 Bc7 25. Rd4 Ne6 26. Rxd8 Rxd8 27. Rd3 Rxd3 28. Kxd3 b5 29. Nd6 a6 30. Ke4 a5 31. Nxb5 Bd8 32. Kd5 Kf8 33. Nfd4 Nxd4 34. Nxd4 g6 35. e6 f5 36. Nc6 Bc7 37. b4 axb4 38. Nxb4 h5 39. Nc6 g5 40. a4 g4 41. a5 h4 42. a6 f4 43. a7 fxg3 44. a8Q+ Kg7 45. Qa1+ Kg6 46. Ne7+ 1-0

[Event "Vladimir Luch Cup"]
[Site "Vladimir"]
[Date "2009.03.22"]
[Round "1"]
[White "Tikhonova, Mariya"]
[Black "Pyshkina, Elizaveta"]
[Result "0-1"]
[WhiteElo "1732"]
[BlackElo "1632"]
[PlyCount "72"]
[EventDate "2009.03.22"]
[EventType "tourn"]
[EventRounds "11"]
[EventCountry "RUS"]
[SourceTitle "EXT 2012"]
[Source "ChessBase"]
[SourceDate "2011.11.24"]
[SourceVersion "1"]
[SourceVersionDate "2011.11.24"]
[SourceQuality "1"]

1. e4 c5 2. c3 d5 3. exd5 Qxd5 4. d4 cxd4 5. cxd4 Nc6 6. Nf3 e5 7. Nxe5 Nxe5 8. dxe5 Qxe5+ 9. Qe2 Bd6 10. Bd2 Nf6 11. Bc3 Qxe2+ 12. Bxe2 Be7 13. Nd2 0-0 14. 0-0-0 Bf5 15. Bf3 Rab8 16. Rhe1 Rfe8 17. Nb3 Ng4 18. Nd4 Bg5+ 19. Bd2 Rbc8+ 20. Nc6 Bxd2+ 21. Kxd2 bxc6 22. Bxc6 Red8+ 23. Ke2 g6 24. Ba4 Ne5 25. Kf1 Nd3 26. Re7 Nxb2 27. Rxd8+ Rxd8 28. Bb3 Bd3+ 29. Ke1 Nc4 30. Rxa7 Re8+ 31. Kd1 Re2 32. Rd7 Nb2+ 33. Kc1 Bc4 34. Rd2 Nd3+ 35. Kd1 Re1+ 36. Kc2 Rc1# 0-1